000 00390nam a2200145Ia 4500
008 230711s9999||||xx |||||||||||||| ||und||
041 _aENG
082 _a624
_bCA-E
100 _aCoad,Williams
245 0 _aEnergy engineering management for building systems (VMR)
250 _a1st Ed.
260 _c1982
_aNew York
_bVan Nostrand Reinhold Co.
650 _aCivil Engineering
942 _cBK
999 _c1424
_d1424